[Event "RSA-ch U10"]
[Site "Gauteng"]
[Date "2017.04.10"]
[Round "10"]
[White "Coetzer, Quinn"]
[Black "Jacobs, Jordan"]
[Result "0-1"]
[WhiteElo "705"]
[BlackElo "792"]
[PlyCount "71"]
[EventDate "2017.04.05"]
[EventType "swiss"]
[EventRounds "11"]
[EventCountry "RSA"]
[SourceTitle "CBM 177 Extra"]
[Source "ChessBase"]
[SourceDate "2017.04.27"]
[SourceVersion "1"]
[SourceVersionDate "2017.04.27"]
[SourceQuality "1"]

1. e4 e5 2. Nf3 Nc6 3. Bc4 Nf6 4. Ng5 d5 5. exd5 Nxd5 6. Nxf7 Kxf7 7. Qf3+ Ke6 8. Bxd5+ Qxd5 9. Qxd5+ Kxd5 10. Nc3+ Ke6 11. 0-0 Bb4 12. a3 Bxc3 13. dxc3 Ke7 14. Be3 Bf5 15. Rac1 Na5 16. b3 b6 17. Rfe1 Rhe8 18. f3 c5 19. b4 Nc4 20. Kf2 Nxe3 21. Rxe3 Kf6 22. Re2 e4 23. f4 e3+ 24. Rxe3 Rxe3 25. Kxe3 Re8+ 26. Kf3 cxb4 27. cxb4 Rc8 28. c4 Be6 29. c5 bxc5 30. Rxc5 Rxc5 31. bxc5 Bd5+ 32. Kf2 Ke6 33. g3 Kd7 34. Ke3 Kc6 35. Kd4 a5 36. a4 0-1